Br̥hat sāhityika nibandha. (Record no. 69631)

MARC details
000 -LEADER
fixed length control field 00647cam a22002531 4500
001 - CONTROL NUMBER
control field sa 66004823
003 - CONTROL NUMBER IDENTIFIER
control field DLC
005 - DATE AND TIME OF LATEST TRANSACTION
control field 20260227112245.0
008 - FIXED-LENGTH DATA ELEMENTS--GENERAL INFORMATION
fixed length control field 890724s1966 ii b 000 0 hino
010 ## - LIBRARY OF CONGRESS CONTROL NUMBER
LC control number sa 66004823
035 ## - SYSTEM CONTROL NUMBER
System control number (OCoLC)20060005
040 ## - CATALOGING SOURCE
Original cataloging agency DLC
Transcribing agency WaU
Modifying agency DLC
042 ## - AUTHENTICATION CODE
Authentication code premarc
050 00 - LIBRARY OF CONGRESS CALL NUMBER
Classification number PK1931
Item number .T68
100 1# - MAIN ENTRY--PERSONAL NAME
Personal name Tripathi, Ram Prasad,
Dates associated with a name 1920-
245 10 - TITLE STATEMENT
Title Br̥hat sāhityika nibandha.
260 ## - PUBLICATION, DISTRIBUTION, ETC.
Date of publication, distribution, etc. [1966]
300 ## - PHYSICAL DESCRIPTION
Extent viii, 1086 p.
Dimensions 23 cm.
500 ## - GENERAL NOTE
General note In Hindi.
504 ## - BIBLIOGRAPHY, ETC. NOTE
Bibliography, etc. note Bibliographical footnotes.
650 #0 - SUBJECT ADDED ENTRY--TOPICAL TERM
Topical term or geographic name entry element Hindi philology.
650 #0 - SUBJECT ADDED ENTRY--TOPICAL TERM
Topical term or geographic name entry element Poetics.
700 1# - ADDED ENTRY--PERSONAL NAME
Personal name Gupta, Śāntisvarūpa,
Dates associated with a name 1911-

No items available.

Powered by Koha